Eastern Utah Libraries Catalog: Duchesne, Heber, Roosevelt, & Vernal

Too Early / (Record no. 376181)

MARC details
000 -LEADER
fixed length control field 00829nam a22002535 4500
001 - CONTROL NUMBER
control field BK0029354022
005 - DATE AND TIME OF LATEST TRANSACTION
control field 20251229171539.0
008 - FIXED-LENGTH DATA ELEMENTS--GENERAL INFORMATION
fixed length control field 220805s2022 xx 000 1 eng d
020 ## - INTERNATIONAL STANDARD BOOK NUMBER
International Standard Book Number 9781419742071 : SAL
Terms of availability 18.99
020 ## - INTERNATIONAL STANDARD BOOK NUMBER
International Standard Book Number 1419742078 : SAL
Terms of availability 18.99
020 ## - INTERNATIONAL STANDARD BOOK NUMBER
International Standard Book Number 1419742094
020 ## - INTERNATIONAL STANDARD BOOK NUMBER
International Standard Book Number 9781419742095
037 ## - SOURCE OF ACQUISITION
Source of stock number/acquisition Harry N Abrams Inc, C/O Hachette Book Group USA 121 N Enterprise Blvd, Lebanon, IN, USA, 46025-8193
Note SAN 200-2205
040 ## - CATALOGING SOURCE
Description conventions rda
050 ## - LIBRARY OF CONGRESS CALL NUMBER
Classification number PZ
082 ## - DEWEY DECIMAL CLASSIFICATION NUMBER
Classification number E
092 ## - LOCALLY ASSIGNED DEWEY CALL NUMBER (OCLC)
Classification number BB
100 ## - MAIN ENTRY--PERSONAL NAME
Personal name Ericson, Nora/ MacKay, Elly (ILT)
9 (RLIN) 6452906
245 00 - TITLE STATEMENT
Title Too Early /
Statement of responsibility, etc Nora Ericson
264 #1 - Production, Publication, Distribution, Manufacture, and Copyright Notice.
Name of producer, publisher, distributor, manufacturer Abrams Appleseed :
Date of production, publication, distribution, manufacture, or copyr 2022.
Place of production, publication, distribution, manufacture New York, NY,
300 ## - PHYSICAL DESCRIPTION
Extent 32 p. ;
520 ## - SUMMARY, ETC.
Summary, etc A little one is eager to start the day in this gentle book about the magic of early mornings.
942 ## - ADDED ENTRY ELEMENTS (KOHA)
Source of classification or shelving scheme Dewey Decimal Classification
Koha item type BOOK
Holdings
Withdrawn status Lost status Source of classification or shelving scheme Damaged status Not for loan Collection code Home library Current library Shelving location Date acquired Source of acquisition Total Checkouts Total Renewals Full call number Barcode Date last seen Date checked out Cost, replacement price Price effective from Koha item type
    Dewey Decimal Classification     Children Picture Books Wasatch County Library Wasatch County Library Main Floor Childrens Area 01/23/2023 Micromarketing 11 5 E Ericson 34301001899212 01/24/2026 01/06/2026 18.99 01/23/2023 BOOK
This project was made possible through a grant from the Institute of Museum and Library Service administered by the Utah State Library Division.

Wasatch County Library

  • 465 East 1200 South, Heber City, Utah 84032
  • Phone 435-654-1511 | Fax 435-654-6456

Hours

  • Monday - Friday 9:30 AM - 8:00 PM
  • Saturday 9:30 AM - 1:30 PM
  • Closed Sundays and Holidays